Treba rozlišovať typy zákazníkov?

Charakteristika zákazníkov podľa typov, a to rýchlosti rozhodovania a požadovaných informácií. Cieľové skupiny zákazníkov a správny štýl komunikácie profesionálneho obchodníka.

Saved in:
Bibliographic Details
Main Author: Mišík, Martin
Format: Book Chapter
Language:Slovak
Subjects:
Tags: Add Tag
No Tags, Be the first to tag this record!

MARC

LEADER 00000naa a2200000 4500
001 0182775
005 20230912114244.1
041 0 |a slo 
044 |a SK 
245 1 0 |a Treba rozlišovať typy zákazníkov?  |c Martin Mišík 
520 |a Charakteristika zákazníkov podľa typov, a to rýchlosti rozhodovania a požadovaných informácií. Cieľové skupiny zákazníkov a správny štýl komunikácie profesionálneho obchodníka. 
610 2 0 |a obchodníci 
610 2 0 |a obrat obchodný 
610 2 0 |a komunikácia 
610 2 0 |a psychológia predaja 
610 2 0 |a rozhodovanie nákupné 
610 2 0 |a zákazníci 
100 1 |a Mišík, Martin